LEADER 00986nam0 2200265 450 001 000006876 005 20060328091800.0 010 $a88-14-07589-1 100 $a20060328d1999----km-y0itay50------ba 101 0 $aita 102 $aIT 105 $ay-------001yy 200 1 $aCodice della legge penale speciale$eannotato con la giurisprudenza della Corte Costituzionale della Cassazione e di giurisdizioni di merito$eaggiornato al 31 marzo 1999 e coi testi di maggiore rilievo sino al giugno 1999$fLuciano Zanobini$ga cura di Mario Corbetta, Bruno e Luigi Fenizia 210 $aMilano$cGiuffrè$d1999 215 $a2 v.$d24 cm 702 1$aZanobini,$bLuciano 702 1$aCorbetta,$bMario 702 1$aFenizia,$bLuigi 710 02$aItalia$0423419 801 0$aIT$bUNIPARTHENOPE$c20060328$gRICA$2UNIMARC 912 $a000006876 951 $a3R(005.1)$b143(1)$cNAVA3 951 $a3R(005.2)$b143(2)$cNAVA3 996 $aCodice della legge penale speciale$9575447 997 $aUNIPARTHENOPE LEADER 01353nam0 2200301 450 001 000027443 005 20100211151355.0 100 $a20100210d1956----km-y0itaa50------ba 101 0 $ager 102 $aFI 200 1 $aStudien zur Idee und Phraseologie des Griechischen Briefes bis 400 n. Chr.$fvon Heikki Koskenniemi 210 $aHelsinki$cSuomalainen Tiedeakatemia$d1956 215 $a214 p.$d25 cm. 225 2 $aSuomalaisen tiedeakatemian toimituksia$lAnnales Academiae scientiarum Fennicae$v102.2 410 0$12001$aSuomalaisen tiedeakatemian toimituksia$lAnnales Academiae scientiarum Fennicae$v102.2 606 1 $aEpistolografia greca$xStoria$zStudi 606 2 $aLettere greche classiche 676 $a886.0109$v(21. ed.)$9Lettere greche classiche. Periodo antico , fino al 500 ca. Storia, descrizione, studi critici 700 1$aKoskenniemi,$bHeikki$0185925 801 0$aIT$bUniversità della Basilicata - B.I.A.$gRICA$2unimarc 912 $a000027443 996 $aStudien zur Idee und Phraseologie des Griechischen Briefes bis 400 n. Chr$994513 997 $aUNIBAS BAS $aLETTERE CAT $aTTM$b30$c20100210$lBAS01$h1524 CAT $aTTM$b30$c20100211$lBAS01$h1513 FMT Z30 -1$lBAS01$LBAS01$mBOOK$1BASA1$APolo Storico-Umanistico$2DSLF$BCollezione DiSLF$3DF/5527$65527$5F5527$820100210$f04$FPrestabile Didattica